000 00630cam a22002297a 4500
001 001646
003 armpunfd
005 20140612090646.0
008 050520e0####xx#a##########000#0#und#d
040 _aarmpunfd
_carmpunfd
080 _aET 41
100 1 0 _a Luna, Florencia ( Compiladora)
245 1 0 _aEtica y genetica
260 _a Uenos Aires : Catalogo
_b2004. Isbn : 950-895-146-X. 219 P.
650 7 _a Bioetica
_2LEMB
650 7 _a Etica
_2LEMB
650 7 _a Genetica
_2LEMB
650 7 _a Herencia
_2LEMB
700 1 0 _aRivera Lopez, Eduardo (Compiladores)
942 _cLB
_2cdu
945 _aCatalis
_d2010-08-19
999 _c1637
_d232141